Nghiên cứu phân tích, đánh giá hàm lượng các nguyên tố kim loại nặng, độc hại trong một số nguồn nước khu công nghiệp Hòa Khánh - Q. Liên Chiểu - Đà Nẵng
Đã lưu trong:
| Tác giả chính: | |
|---|---|
| Định dạng: | Sách |
| Được phát hành: |
2005
|
| Các nhãn: |
Thêm thẻ
Không có thẻ, Là người đầu tiên thẻ bản ghi này!
|
| Thư viện lưu trữ: | Mạng thư viện Đại học Đà Nẵng |
|---|
| LEADER | 00819nam a2200229 4500 | ||
|---|---|---|---|
| 001 | 000020487 | ||
| 003 | 16933 | ||
| 005 | 20150320140325.0 | ||
| 008 | 150320s2005 sd | ||
| 100 | 1 | |a Lê Thị Mùi |c ThS. |e Chủ nhiệm đề tài | |
| 245 | 1 | 0 | |a Nghiên cứu phân tích, đánh giá hàm lượng các nguyên tố kim loại nặng, độc hại trong một số nguồn nước khu công nghiệp Hòa Khánh - Q. Liên Chiểu - Đà Nẵng |c Lê Thị Mùi |
| 260 | |c 2005 | ||
| 500 | |a Đề tài NCKH cấp Bộ . Mã số : B2005-16-39 | ||
| OWN | |a LSP | ||
| 999 | |a From the UDN01 | ||
| TYP | |a Mixed Materials | ||
| TYP | |a Monograph | ||
| TYP | |a Printed language | ||
| 980 | |a Mạng thư viện Đại học Đà Nẵng | ||